Kerala panchayat manual 2012 (Record no. 502758)

000 -LEADER
fixed length control field 00342cam a22001217a 4500
008 - FIXED-LENGTH DATA ELEMENTS--GENERAL INFORMATION
fixed length control field 180718b2012 xxu||||| |||| 00| 0 eng d
082 ## - DEWEY DECIMAL CLASSIFICATION NUMBER
Classification number B7x5453 M421
100 ## - MAIN ENTRY--PERSONAL NAME
Personal name Mathew, Siby
245 ## - TITLE STATEMENT
Title Kerala panchayat manual 2012
Statement of responsibility, etc. by Siby Mathew
260 ## - PUBLICATION, DISTRIBUTION, ETC.
Place of publication, distribution, etc. Kerala
Name of publisher, distributor, etc. Kerala Law Times
Date of publication, distribution, etc. 2012
300 ## - PHYSICAL DESCRIPTION
Extent 776p.
650 ## - SUBJECT ADDED ENTRY--TOPICAL TERM
Topical term or geographic name entry element Panchayat -- India -- Kerala
Holdings
Withdrawn status Lost status Damaged status Not for loan Permanent Location Current Location Date acquired Full call number Barcode Date last seen Price effective from Koha item type
        Indian Institute of Public Administration Indian Institute of Public Administration 2018-08-04 B7x5453 M421 GR19082 2018-08-04 2018-08-04 GR

Powered by Koha